Testovanie rozlišovacej schopnosti vybraných ukazovateľov predikčnej finančnej analýzy diplomová práca

Na minha lista:
Detalhes bibliográficos
Autor principal: Mojžišová, Karolína
Autor Corporativo: Fakulta podnikového manažmentu EU. Katedra podnikových financií
Outros Autores: Smorada, Marián, 1984-
Formato: Livro
Idioma:eslovaco
Publicado em: Bratislava 2024
Tags: Adicionar Tag
Sem tags, seja o primeiro a adicionar uma tag!

MARC

LEADER 00000nbm a2200000 4500
001 0300941
005 20250908091833.3
041 0 |a slo 
044 |a SK 
245 1 0 |a Testovanie rozlišovacej schopnosti vybraných ukazovateľov predikčnej finančnej analýzy  |b diplomová práca  |c Karolína Mojžišová ; školiteľ: Marián Smorada 
264 1 |a Bratislava  |c 2024 
300 |a 68 s. 
100 1 |a Mojžišová, Karolína 
700 1 |a Smorada, Marián, 1984- 
710 2 |a Fakulta podnikového manažmentu EU. Katedra podnikových financií